000 00683nam a2200229 a 4500
001 42911
003 BD-RjUL
005 20211209053621.0
008 160618s1968 nyua b 000 0 eng
035 _a(BD-RjUL)43029
040 _aDLC
_cDLC
_dDLC
_beng
041 _aeng
082 0 0 _a330.0151
_223
_bFOI 1968 [reprint 1972]
100 1 _aFox, Karl A.
_9131792
245 1 0 _aIntermediate economic statistics /
_cby, Karl A. Fox.
260 _aNew York :
_bJohn Wiley & Sons,
_c1968 [reprint 1972]
300 _ax, 568 p. :
_bill. ;
_c24 cm.
500 _aIncludes Index
650 0 _aEconometrics.
_9131793
650 0 _aEconomics
_xStatistical methods.
_9130736
942 _2ddc
_cBK
999 _c42911
_d42911